Good Luck Tracklist (Bladee & Mechatok) - Statistics

General Stats
  • This quiz has been taken 10 times
  • The average score is 7 of 8
Answer Stats
Hint Answer % Correct
5 Drama
100%
4 God
100%
1 Intro
100%
2 Rainbow
100%
7 Into One
89%
3 Sun
89%
8 Grace
67%
6 You
67%
No matching quizzes found
Score Distribution
Percent of People with Each Score
Percentile by Number Answered
Your Score History
You have not taken this quiz